[Event "Speed Chess (Women) Q2"]
[Site "Chess.com INT"]
[Date "2021.05.29"]
[Round "12"]
[White "Khalafova, Narmin Ilgar Qizi"]
[Black "Mohota, Nisha"]
[Result "1-0"]
[WhiteElo "2279"]
[BlackElo "2195"]
[PlyCount "95"]
[EventDate "2021.05.29"]
[EventType "swiss (blitz)"]
[EventRounds "13"]
[EventCountry "USA"]
[SourceTitle "CBM 202 Extra"]
[Source "ChessBase"]
[SourceDate "2021.07.31"]
[SourceVersion "1"]
[SourceVersionDate "2021.07.31"]
[SourceQuality "1"]

1. e4 Nf6 2. e5 Nd5 3. d4 d6 4. Nf3 dxe5 5. Nxe5 c6 6. Bc4 Nd7 7. 0-0 Nxe5 8. dxe5 Bf5 9. Qe2 e6 10. c3 Be7 11. Nd2 0-0 12. Ne4 Qc7 13. Ng3 Bg6 14. f4 f6 15. Bd2 Qb6+ 16. Kh1 Qxb2 17. f5 exf5 18. Rfb1 Qa3 19. Rb3 Qc5 20. Rxb7 fxe5 21. Be3 Qd6 22. Bxa7 Kh8 23. Rd1 Bf6 24. Bb3 Qa3 25. Bg1 Nxc3 26. Qc2 Nxd1 27. Qxd1 Rab8 28. Rd7 Rbd8 29. Be6 Rxd7 30. Qxd7 f4 31. Nf5 Bxf5 32. Bxf5 f3 33. Be4 fxg2+ 34. Bxg2 c5 35. Qf5 c4 36. Be4 g6 37. Qd7 Bg7 38. Qc7 c3 39. Bc5 Qc1+ 40. Bg1 Qd2 41. a4 Qe1 42. Qc6 Rf1 43. Qa8+ Rf8 44. Qd5 Qd2 45. Qc4 c2 46. Bxc2 Qe1 47. a5 Qd2 48. a6 1-0

[Event "Titled Tuesday intern op 13th Apr"]
[Site "Chess.com INT"]
[Date "2021.04.13"]
[Round "11"]
[White "Chernobay, Artem"]
[Black "Khalafova, Narmin Ilgar Qizi"]
[Result "1-0"]
[WhiteElo "2490"]
[BlackElo "2279"]
[PlyCount "85"]
[EventDate "2021.04.13"]
[EventType "swiss (blitz)"]
[EventRounds "11"]
[EventCountry "USA"]
[SourceTitle "CBM 201 Extra"]
[Source "ChessBase"]
[SourceDate "2021.05.31"]
[SourceVersion "1"]
[SourceVersionDate "2021.05.31"]
[SourceQuality "1"]

1. e4 c5 2. Nf3 d6 3. d4 Nf6 4. Nc3 cxd4 5. Nxd4 a6 6. Bg5 Nbd7 7. f4 Qc7 8. Qe2 e5 9. Nf5 h6 10. Bxf6 Nxf6 11. 0-0-0 g6 12. Ne3 Bg7 13. f5 0-0 14. g4 b5 15. Ncd5 Qa5 16. Kb1 Bb7 17. Bg2 Nxd5 18. Nxd5 Bxd5 19. Rxd5 Qc7 20. h4 Bf6 21. g5 hxg5 22. hxg5 Bxg5 23. Qg4 Qe7 24. Qh3 Kg7 25. Qh7+ Kf6 26. fxg6 fxg6 27. Rf1+ Bf4 28. Qh4+ Kf7 29. Qg4 Rh8 30. a3 Rag8 31. Rxf4+ exf4 32. Qxf4+ Ke8 33. Rxd6 Rf8 34. Qg3 Rhg8 35. e5 Rf5 36. Bc6+ Kf8 37. e6 Rf1+ 38. Ka2 Kg7 39. Bd5 Qf6 40. Rd7+ Kf8 41. Rf7+ Qxf7 42. exf7 Rg7 43. Qd6# 1-0

[Event "Titled Tuesday intern op 13th Apr"]
[Site "Chess.com INT"]
[Date "2021.04.13"]
[Round "7"]
[White "Khalafova, Narmin Ilgar Qizi"]
[Black "Iskusnyh, Sergei"]
[Result "0-1"]
[WhiteElo "2279"]
[BlackElo "2473"]
[PlyCount "60"]
[EventDate "2021.04.13"]
[EventType "swiss (blitz)"]
[EventRounds "11"]
[EventCountry "USA"]
[SourceTitle "CBM 201 Extra"]
[Source "ChessBase"]
[SourceDate "2021.05.31"]
[SourceVersion "1"]
[SourceVersionDate "2021.05.31"]
[SourceQuality "1"]

1. e4 e6 2. d4 d5 3. Nd2 c5 4. Ngf3 Nc6 5. exd5 exd5 6. Bb5 cxd4 7. 0-0 Bd6 8. Nb3 Nge7 9. Nbxd4 0-0 10. h3 Bc7 11. c3 Qd6 12. Re1 Nxd4 13. Qxd4 Nc6 14. Qh4 Bf5 15. Be3 Be4 16. Qh5 g6 17. Qh6 Bxf3 18. gxf3 Qh2+ 19. Kf1 Rfe8 20. Bxc6 bxc6 21. Rad1 Re6 22. Qh4 Rae8 23. Rd3 Bb6 24. Qg5 Qxh3+ 25. Ke2 Bxe3 26. Rxe3 Rxe3+ 27. fxe3 Qh2+ 28. Kd3 Qxb2 29. Rh1 Qb5+ 30. Kd2 d4 0-1

[Event "Titled Tuesday intern op 26th Jan"]
[Site "Chess.com INT"]
[Date "2021.01.26"]
[Round "6"]
[White "Hristodorescu, Daniel"]
[Black "Khalafova, Narmin Ilgar Qizi"]
[Result "0-1"]
[WhiteElo "2211"]
[BlackElo "2279"]
[PlyCount "50"]
[EventDate "2021.01.26"]
[EventType "swiss (blitz)"]
[EventRounds "11"]
[EventCountry "USA"]
[SourceTitle "CBM 200 Extra"]
[Source "ChessBase"]
[SourceDate "2021.03.31"]
[SourceVersion "1"]
[SourceVersionDate "2021.03.31"]
[SourceQuality "1"]

1. e4 d6 2. d4 Nf6 3. Nc3 g6 4. Bg5 Bg7 5. Qd2 h6 6. Bh4 c6 7. f4 Qb6 8. 0-0-0 Na6 9. Nf3 0-0 10. e5 dxe5 11. dxe5 Nd5 12. Bf2 Qc7 13. Bc4 Be6 14. Bb3 Rfd8 15. Kb1 Nb6 16. Qe2 Bxb3 17. axb3 Nb4 18. g4 a5 19. f5 a4 20. e6 axb3 21. exf7+ Kf8 22. cxb3 N6d5 23. Nxd5 cxd5 24. Rhe1 Rdc8 25. Bd4 Ra1+ 0-1

[Event "Titled Tuesday intern op 26th Jan"]
[Site "Chess.com INT"]
[Date "2021.01.26"]
[Round "2"]
[White "Khalafova, Narmin Ilgar Qizi"]
[Black "Fajdetic, Hrvoje"]
[Result "1/2-1/2"]
[WhiteElo "2279"]
[BlackElo "2151"]
[PlyCount "107"]
[EventDate "2021.01.26"]
[EventType "swiss (blitz)"]
[EventRounds "11"]
[EventCountry "USA"]
[SourceTitle "CBM 200 Extra"]
[Source "ChessBase"]
[SourceDate "2021.03.31"]
[SourceVersion "1"]
[SourceVersionDate "2021.03.31"]
[SourceQuality "1"]

1. e4 e6 2. d4 d5 3. Nd2 dxe4 4. Nxe4 Nd7 5. Nf3 Ngf6 6. Ng3 Bd6 7. Bd3 b6 8. 0-0 Bb7 9. c4 0-0 10. b3 c5 11. Bb2 cxd4 12. Nxd4 a6 13. Qe2 Qc7 14. Rad1 Ne5 15. Bb1 Ng6 16. Nxe6 Qc6 17. f3 Rfe8 18. Nd4 Rxe2 19. Nxc6 Bxg3 20. Bxf6 gxf6 21. Nd4 Bxh2+ 22. Kxh2 Re5 23. Nf5 Bc6 24. Rd6 Rc8 25. Rxf6 b5 26. Nd6 Rc7 27. Nxf7 Rh5+ 28. Kg1 Kg7 29. g4 Kxf6 30. gxh5 Nh4 31. Nd6 Ke5 32. Ne4 Rg7+ 33. Kf2 Kf4 34. Nd2 Rg2+ 35. Ke1 Nxf3+ 36. Nxf3 Bxf3 37. Rf2 Rg1+ 38. Rf1 Rxf1+ 39. Kxf1 bxc4 40. bxc4 h6 41. Bg6 Ke3 42. c5 Kd4 43. Kf2 Bd5 44. a3 Kxc5 45. Ke3 Kc4 46. Bd3+ Kb3 47. Bxa6 Kxa3 48. Be2 Kb4 49. Kd4 Bf7 50. Ke5 Bxh5 51. Bxh5 Kc5 52. Kf6 Kc6 53. Kg7 Kc7 54. Kxh6 1/2-1/2